000 00495nam a2200181Ia 4500
001 11394
005 20260306162825.0
008 260306t2013||||xx |||||||||||||| ||spa||
041 _aESP
082 _a985.04
_bM86
100 _aMorán, Daniel
_eAUT
245 0 _aBatallas por la legitimidad:
_bla prensa de Lima y de Buenos Aires durante las guerras de independencia
260 _c2013
300 _a291 páginas :
_c24 cm.
650 _aGEN
654 _aCHU
942 _cLIB
_dJUS
_fJUS
_2ddc
_n
999 _c11394
_d11394